000 00926nam a2200253 4500
003 OSt
005 20260601193850.0
008 260504b2009 mx a|||| |||| 00| 0 spa d
020 _a6077856061
040 _aICI
_bspa
_cICI
041 _aspa
050 _aTD927
_bM337
100 1 _aMadrigal Gúzman, Fernando
_932091
245 1 _aSoluciones sanitarias básicas :
_bcon tecnología alterna en el altiplano potosino : Método de trabajo para readaptar objetos de diseño en áreas rurales /
_cFenando Madrigal Gúzman.
264 _bUniversidad Autónoma de San Luis Potosí,
_c2009
_aSan Luis Potosí :
300 _a115 páginas
_bilustraciones ;
_c28 cm
336 _atexto
_2rdacontent
337 _asin medio
_2rdamedia
338 _avolumen
_2rdacarrier
500 _aIncluye bibliografía.
650 _2Armarc-ma
_aCalidad de vida.
_932092
650 _aDiseño industrial
_xInvestigaciones.
_932093
942 _2lcc
_cB
999 _c21801
_d21801